Global strategies : Insights from the world's leading thinkers
Đã lưu trong:
| Formáid: | Leabhar |
|---|---|
| Teanga: | Undetermined |
| Foilsithe: |
Boston, MA.
Harvard Business School Press
1994
|
| Ábhair: | |
| Clibeanna: |
Cuir Clib Leis
Gan Chlibeanna, Bí ar an gcéad duine leis an taifead seo a chlibeáil!
|
| Thư viện lưu trữ: | Trung tâm Học liệu Trường Đại học Cần Thơ |
|---|
| LEADER | 00623nam a2200181Ia 4500 | ||
|---|---|---|---|
| 001 | CTU_98525 | ||
| 008 | 210402s9999 xx 000 0 und d | ||
| 082 | |a 658.049 | ||
| 082 | |b G562 | ||
| 245 | 0 | |a Global strategies : | |
| 245 | 0 | |b Insights from the world's leading thinkers | |
| 245 | 0 | |c With a preface by Percy Barnevik ; Afterword by Rosabeth Moss Kanter | |
| 260 | |a Boston, MA. | ||
| 260 | |b Harvard Business School Press | ||
| 260 | |c 1994 | ||
| 650 | |a International business enterprises,Strategic planning,Competition, international | ||
| 904 | |i Năm | ||
| 980 | |a Trung tâm Học liệu Trường Đại học Cần Thơ | ||